[Event "World Youth Girls U18 2014"]
[Site "Durban RSA"]
[Date "2014.09.21"]
[Round "3.9"]
[White "Machlik, Edit"]
[Black "Parnali, S Dharia"]
[Result "0-1"]
[WhiteElo "1929"]
[BlackElo "1919"]
[WhiteFideId "1513591"]
[BlackFideId "5043131"]
[EventDate "2014.09.20"]

1. d4 d5 2. c4 e6 3. Nc3 c5 4. cxd5 exd5 5. Nf3 Nc6 6. dxc5 d4 7. Na4 Bf5 8. Bd2
Nf6 9. Rc1 Be7 10. g3 Be4 11. Bg2 d3 12. e3 Ne5 13. Nc3 Nxf3+ 14. Bxf3 Bxf3 15.
Qxf3 O-O 16. Na4 Qd7 17. b3 Rac8 18. O-O Ng4 19. Rfd1 Rc6 20. e4 Ne5 21. Qf4 Re6
22. Kg2 f5 23. exf5 Qd5+ 24. f3 Nxf3 25. Nc3 Ne1+ 26. Kh3 Qg2+ 27. Kg4 h5+ 0-1

[Event "World Youth Girls U18 2014"]
[Site "Durban RSA"]
[Date "2014.09.21"]
[Round "3.10"]
[White "Abdi, Zineb Dina"]
[Black "Michelle Catherina, P"]
[Result "0-1"]
[WhiteTitle "WIM"]
[WhiteElo "1911"]
[BlackElo "2114"]
[WhiteFideId "7900880"]
[BlackFideId "5005736"]
[EventDate "2014.09.20"]

1. e4 e5 2. Nf3 Nc6 3. Bc4 Nf6 4. d3 Bc5 5. c3 O-O 6. Bb3 d5 7. Nbd2 Be6 8. O-O
h6 9. Qe2 Re8 10. Bc2 a5 11. exd5 Bxd5 12. Ne4 Ba7 13. Be3 Bxe3 14. Nxf6+ Qxf6
15. fxe3 Qe7 16. e4 Be6 17. Qf2 a4 18. a3 b6 19. d4 exd4 20. cxd4 Bg4 21. Rad1
Red8 22. e5 Ra5 23. Be4 Qd7 24. Rd3 Bf5 25. Bxf5 Qxf5 26. Rfd1 Qe4 27. Qh4 Qxh4
28. Nxh4 Rad5 29. Nf3 Na5 30. Rc1 c5 31. Kf2 cxd4 32. Kg3 Nb3 33. Rc6 b5 34. Kf4
g6 35. Rc7 Nc5 36. Rxc5 Rxc5 37. Nxd4 Rdd5 38. g4 Rxe5 39. Nf3 Re2 0-1

[Event "World Youth Girls U18 2014"]
[Site "Durban RSA"]
[Date "2014.09.21"]
[Round "3.11"]
[White "Velikic, Adela"]
[Black "Rodsmoen, Maud"]
[Result "1-0"]
[WhiteElo "2175"]
[BlackElo "1901"]
[WhiteFideId "913553"]
[BlackFideId "1510550"]
[EventDate "2014.09.20"]

1. d4 Nf6 2. c4 e6 3. Nf3 b6 4. Nc3 Bb4 5. e3 O-O 6. Bd3 Bb7 7. O-O d6 8. Na4 d5
9. c5 bxc5 10. a3 c4 11. axb4 cxd3 12. Nc5 Qc8 13. Qxd3 Nc6 14. Bd2 Ne4 15. Rfc1
Nxc5 16. Rxc5 a6 17. Rac1 Qd7 18. Qc2 Rfb8 19. Rxc6 Bxc6 20. Ne5 Qd6 21. Qxc6 a5
22. Qxd6 cxd6 23. Nc6 Rb5 24. Nxa5 e5 25. Rc6 Rd8 26. h3 f6 27. Rc7 Rb6 28. Nc6
Ra8 29. Ne7+ Kf8 30. Nxd5 Ra1+ 31. Kh2 Rb8 32. Rc6 Rd1 33. Bc3 Rd8 34. b5 Kf7
35. b6 Ke6 36. Nb4 Rb8 37. Na6 Rb7 38. Bb4 Rd7 39. Nc7+ Ke7 40. b7 1-0

[Event "World Youth Girls U18 2014"]
[Site "Durban RSA"]
[Date "2014.09.21"]
[Round "3.12"]
[White "Hiebler, Laura"]
[Black "Wafa, Shrook"]
[Result "0-1"]
[BlackTitle "WGM"]
[WhiteElo "1901"]
[BlackElo "2141"]
[WhiteFideId "1617621"]
[BlackFideId "10609970"]
[EventDate "2014.09.20"]

1. c4 e5 2. g3 Nc6 3. Bg2 f5 4. Nc3 Nf6 5. d3 Bb4 6. Bd2 a5 7. Nd5 Bxd2+ 8. Qxd2
O-O 9. e3 d6 10. Ne2 Be6 11. O-O Qd7 12. f4 Bxd5 13. cxd5 Ne7 14. e4 c6 15. dxc6
bxc6 16. Rac1 Qa7+ 17. Kh1 Ng4 18. d4 Rac8 19. h3 Nf6 20. exf5 e4 21. Rc3 Nxf5
22. Qc2 Qa6 23. Rc1 Rfe8 24. Kh2 Ne7 25. Ra3 Ned5 26. Qd2 Ra8 27. Nc3 Nb4 28.
Re1 Qd3 29. Qxd3 Nxd3 30. Re2 d5 31. Na4 Rab8 32. Rc3 Rb4 33. b3 Rc8 34. Nc5
Rxd4 35. Nxd3 exd3 36. Rd2 Ne4 37. Rcxd3 Rxd3 38. Rxd3 Nd6 39. Kg1 Kf8 40. Kf1
a4 41. b4 Rb8 42. a3 Nc4 43. Bf3 Ke7 44. Ke1 Kd6 45. Rc3 Re8+ 46. Kf2 Nd2 47.
Bg2 Ne4+ 48. Bxe4 Rxe4 49. Re3 Rc4 50. Kf3 d4 51. Rd3 Kd5 52. Ke2 Ke4 53. Kd2 h5
54. h4 g6 55. Ke2 Rc3 56. Rxc3 dxc3 0-1

[Event "World Youth Girls U18 2014"]
[Site "Durban RSA"]
[Date "2014.09.21"]
[Round "3.13"]
[White "Foster, Chantelle L"]
[Black "Regam, Jessica"]
[Result "0-1"]
[BlackTitle "WFM"]
[WhiteElo "1840"]
[BlackElo "2031"]
[WhiteFideId "408476"]
[BlackFideId "2033496"]
[EventDate "2014.09.20"]

1. e4 e6 2. d4 d5 3. Nd2 a6 4. Ngf3 Nf6 5. e5 Nfd7 6. Bd3 c5 7. c3 Nc6 8. O-O g5
9. h3 h5 10. Nh2 cxd4 11. c4 Ncxe5 12. Be2 g4 13. hxg4 hxg4 14. Bxg4 dxc4 15.
Ndf3 Nxf3+ 16. Nxf3 Nf6 17. Bh3 d3 18. Bf4 Bd6 19. Be5 Bxe5 20. Nxe5 Qd5 21. Re1
b5 22. Ng4 Nxg4 23. Bxg4 Bb7 24. Bf3 Qxf3 25. Qxf3 Bxf3 26. Re3 Bd5 27. f3 O-O-O
28. Kf2 Rdg8 29. Rg1 Rh2 30. Ree1 b4 31. Rd1 Kb7 32. Rd2 Kb6 33. Ke3 Kc5 34. Rf2
e5 35. Rd2 f5 36. Rf2 f4+ 37. Kd2 Kd4 38. a3 c3+ 39. bxc3+ bxc3+ 40. Ke1 Bb3 41.
a4 Ke3 0-1

[Event "World Youth Girls U18 2014"]
[Site "Durban RSA"]
[Date "2014.09.21"]
[Round "3.14"]
[White "Cosman, Andreea-Marioara"]
[Black "Mynzhasarova, Kamilla"]
[Result "1-0"]
[WhiteElo "2018"]
[BlackElo "1882"]
[WhiteFideId "1217968"]
[BlackFideId "13703668"]
[EventDate "2014.09.20"]

1. d4 d5 2. c4 c6 3. cxd5 cxd5 4. Nc3 e6 5. Bf4 Bd6 6. Bxd6 Qxd6 7. e3 Nf6 8.
Bd3 Nc6 9. f4 a6 10. Nf3 Ng4 11. Qe2 f5 12. h3 Nf6 13. Ne5 O-O 14. g4 Ne4 15.
Rg1 Nxe5 16. dxe5 Qe7 17. Bxe4 fxe4 18. Qh2 Bd7 19. h4 g6 20. Rd1 Qc5 21. Qg3 b5
22. g5 b4 23. Ne2 Rac8 24. h5 Qe7 25. hxg6 hxg6 26. Qh3 Qh7 27. Qxh7+ Kxh7 28.
Nd4 Rc4 29. Rh1+ Kg7 30. Kd2 Rh8 31. Rxh8 Kxh8 32. Rc1 Rxc1 33. Kxc1 Kg7 34. a3
bxa3 35. bxa3 Kf7 36. Kd2 Ke7 37. Kc3 Bb5 38. Nxb5 axb5 39. Kb4 d4 40. exd4 Kd7
41. Kc3 Kc6 42. Kd2 Kd5 43. Ke3 Kc4 44. Kxe4 Kb3 45. d5 exd5+ 46. Kxd5 Kxa3 47.
e6 b4 48. e7 b3 49. e8=Q b2 50. Qa8+ Kb3 51. Qb8+ 1-0

[Event "World Youth Girls U18 2014"]
[Site "Durban RSA"]
[Date "2014.09.21"]
[Round "3.15"]
[White "Domingos, Maria M"]
[Black "Machlik, Monika"]
[Result "0-1"]
[WhiteElo "1737"]
[BlackElo "2005"]
[WhiteFideId "10100768"]
[BlackFideId "1513621"]
[EventDate "2014.09.20"]

1. e4 c6 2. d4 d5 3. Nc3 dxe4 4. Nxe4 Bf5 5. Ng3 Bg6 6. Nf3 e6 7. c3 Nd7 8. Bd3
Bxd3 9. Qxd3 Ngf6 10. O-O Be7 11. Re1 O-O 12. Bg5 Re8 13. Rad1 Qa5 14. a3 h6 15.
Bf4 Nd5 16. Bd2 Qc7 17. Ne5 Rad8 18. Qf3 N5f6 19. Nxd7 Rxd7 20. Ne4 Qd8 21. Qg3
Kh8 22. Nxf6 Bxf6 23. Bf4 c5 24. Be5 cxd4 25. cxd4 Bxe5 26. Qxe5 Rd5 27. Qe3 Re7
28. Rd2 Red7 29. Qf4 Kg8 30. Red1 e5 31. Qg4 Rxd4 32. Rxd4 Rxd4 33. Rxd4 exd4
34. Kf1 Qb6 35. Qc8+ Kh7 36. Qf5+ Qg6 37. Qxg6+ Kxg6 38. Ke2 Kf5 39. f3 Ke5 40.
Kd3 Kd5 41. b3 f5 42. Kd2 g5 43. Kd3 g4 44. Ke2 Ke5 45. Kd3 gxf3 46. gxf3 Kf4 0-1

[Event "World Youth Girls U18 2014"]
[Site "Durban RSA"]
[Date "2014.09.21"]
[Round "3.16"]
[White "Diederichs, Luise"]
[Black "Kahancova, Jana"]
[Result "1-0"]
[WhiteElo "1992"]
[BlackElo "1717"]
[WhiteFideId "24661597"]
[BlackFideId "14915987"]
[EventDate "2014.09.20"]

1. e4 e6 2. d4 d5 3. Nc3 Nf6 4. e5 Nfd7 5. f4 c5 6. Nf3 a6 7. Be3 Nc6 8. Qd2 c4
9. Be2 b5 10. a3 Be7 11. O-O Bb7 12. Ng5 Bxg5 13. fxg5 O-O 14. Bg4 Ne7 15. Rf3
Qe8 16. Qf2 g6 17. Rh3 Kg7 18. Rf1 Rh8 19. Rf3 Rf8 20. Qh4 Nf5 21. Bxf5 exf5 22.
Qh6+ 1-0

[Event "World Youth Girls U18 2014"]
[Site "Durban RSA"]
[Date "2014.09.21"]
[Round "3.17"]
[White "February, Jesse Nikki"]
[Black "Dziodzio, Angelika"]
[Result "0-1"]
[WhiteElo "1688"]
[BlackElo "1991"]
[WhiteFideId "14312336"]
[BlackFideId "1170643"]
[EventDate "2014.09.20"]

1. e4 c5 2. Nc3 d6 3. f4 a6 4. Nf3 Nc6 5. a4 g6 6. Bc4 Bg7 7. O-O e6 8. d3 Nge7
9. Bd2 O-O 10. Qe1 Rb8 11. Qh4 d5 12. exd5 exd5 13. Bb3 b5 14. axb5 axb5 15.
Rae1 c4 16. Ba2 b4 17. Nd1 Qa5 18. Rxe7 Nxe7 19. Qxe7 Qxa2 20. Bxb4 cxd3 21.
cxd3 Bf5 22. Nc3 Qb3 23. Bd6 Rfe8 24. Qc7 Rbc8 25. Qa7 Bxd3 26. Ng5 d4 27. Rc1
dxc3 0-1

[Event "World Youth Girls U18 2014"]
[Site "Durban RSA"]
[Date "2014.09.21"]
[Round "3.19"]
[White "Hoare, Amy B"]
[Black "Wang, Yan"]
[Result "1-0"]
[WhiteElo "1981"]
[BlackElo "1691"]
[WhiteFideId "418366"]
[BlackFideId "2614910"]
[EventDate "2014.09.20"]

1. e4 c5 2. c3 d5 3. exd5 Qxd5 4. d4 cxd4 5. cxd4 Nc6 6. Nf3 Bg4 7. Be2 e6 8.
O-O Nf6 9. h3 Bh5 10. Nc3 Qd8 11. Be3 Be7 12. Rc1 O-O 13. a3 Rc8 14. Qb3 Na5 15.
Qa2 Nc6 16. Rfd1 Nd5 17. Ne4 h6 18. b4 a6 19. Nc5 Bxc5 20. dxc5 Qf6 21. Bd4 Nxd4
22. Nxd4 Bxe2 23. Nxe2 Rfd8 24. Qb3 Nf4 25. Ng3 Nd5 26. Ne4 Qf4 27. Rc4 Qe5 28.
Qf3 f5 29. Ng3 Qf6 30. Nh5 Qg5 31. Rcd4 Kh7 32. Ng3 Qf6 33. Nh5 Qg5 34. h4 Qe7
35. Ng3 Qf6 36. h5 Qg5 37. Ne2 Qf6 38. Qd3 Qg5 39. Qf3 Qf6 40. Qd3 Qg5 41. Ng3
Rf8 42. Re1 Rce8 43. Qf3 Re7 44. Ne4 fxe4 45. Qxf8 Nf4 46. g3 Nxh5 47. Re3 Qf6
48. Qxf6 Nxf6 49. Rd6 e5 50. Rc3 Ne8 51. Rd8 Nf6 52. a4 Rc7 53. Rc4 h5 54. Rd6
Re7 55. c6 bxc6 56. Rdxc6 Rd7 57. b5 Rd1+ 58. Kg2 Rd2 59. Rc2 e3 60. Rxd2 exd2
61. Rd6 axb5 62. axb5 Ne4 63. Rxd2 Nxd2 64. b6 Ne4 65. b7 Nf6 66. b8=Q e4 67.
Qe5 Kg6 68. Kh3 Kh6 69. Kh4 Kg6 70. Qe6 Kh6 71. Qf5 1-0

[Event "World Youth Girls U18 2014"]
[Site "Durban RSA"]
[Date "2014.09.21"]
[Round "3.20"]
[White "Ichimura G. Barbosa, Larissa Y."]
[Black "Shaba, Linda"]
[Result "1-0"]
[WhiteElo "1952"]
[BlackElo "1563"]
[WhiteFideId "2126753"]
[BlackFideId "11001631"]
[EventDate "2014.09.20"]

1. e4 e5 2. Nf3 d6 3. d4 Nc6 4. Bb5 Bd7 5. O-O Nge7 6. Nc3 Ng6 7. Nd5 exd4 8.
Nxd4 Nxd4 9. Bxd7+ Qxd7 10. Qxd4 f6 11. Be3 c6 12. Nc3 Be7 13. Rad1 O-O 14. Ne2
Nh4 15. Ng3 f5 16. Nh5 Rf7 17. e5 d5 18. c4 f4 19. Nxf4 Qg4 20. f3 Qg5 21. g3
Nf5 22. Qd2 Nxe3 23. Qxe3 Raf8 24. Kh1 Qh6 25. cxd5 cxd5 26. Rxd5 Bh4 27. e6
Bxg3 28. exf7+ Kh8 29. Rh5 Bxf4 30. Qe8 Qd6 31. Rd5 1-0

[Event "World Youth Girls U18 2014"]
[Site "Durban RSA"]
[Date "2014.09.21"]
[Round "3.24"]
[White "Schmalhorst, Sophia"]
[Black "Al-Moaamari, Mozah"]
[Result "1-0"]
[WhiteElo "1903"]
[BlackElo "1301"]
[WhiteFideId "24682497"]
[BlackFideId "9307010"]
[EventDate "2014.09.20"]

1. e4 e6 2. d4 d5 3. Nd2 dxe4 4. Nxe4 Nd7 5. Bd3 Ngf6 6. Qe2 Nxe4 7. Bxe4 Nf6 8.
Bxb7 Rb8 9. Bxc8 Qxc8 10. c3 h6 11. Nf3 Bd6 12. O-O O-O 13. Ne5 Bxe5 14. Qxe5 a6
15. b3 c6 16. Bxh6 Rb5 17. Qg3 Nh5 18. Qg4 Rd8 19. Be3 Nf6 20. Qe2 Rh5 21. Bf4
Rdd5 22. Be5 Rh7 23. c4 Rd8 24. Bxf6 gxf6 25. Rad1 Kf8 26. Qf3 Ke7 27. Rfe1 Qc7
28. Qg3 Qb6 29. d5 cxd5 30. cxd5 e5 31. Qe3 Qxe3 32. Rxe3 Rh4 33. g3 Rh3 34. f4
Kd6 35. fxe5+ fxe5 36. Rc3 Ke7 37. Rc7+ Kf8 38. Rc6 a5 39. Ra6 Rh5 40. Rxa5 Rd6
41. Rc5 e4 42. h4 Re5 43. Kf2 Kg7 44. Ke3 f6 45. a4 Rb6 46. Rb5 Rd6 47. a5 Ra6
48. b4 Rd6 49. Rc5 Re7 50. b5 Ra7 51. b6 Rb7 52. Rc7+ Rd7 53. Rdc1 Kg6 54. Rxb7
Rxb7 55. Rc7 Rb8 56. b7 1-0

[Event "World Youth Girls U18 2014"]
[Site "Durban RSA"]
[Date "2014.09.21"]
[Round "3.25"]
[White "Iher, Mirjam"]
[Black "Bernstein, Olivia"]
[Result "1-0"]
[BlackTitle "WCM"]
[WhiteElo "1389"]
[BlackElo "1645"]
[WhiteFideId "4503627"]
[BlackFideId "14307332"]
[EventDate "2014.09.20"]

1. b4 Nf6 2. Bb2 g6 3. c4 Bg7 4. Nc3 O-O 5. e3 d6 6. d4 e5 7. Nf3 exd4 8. Nxd4
Nbd7 9. Nf3 a6 10. Be2 Ne5 11. Nxe5 dxe5 12. O-O Qxd1 13. Rfxd1 Bf5 14. h3 h5
15. Nd5 Nxd5 16. Rxd5 c6 17. Rd2 Rfe8 18. Rad1 Kf8 19. g4 hxg4 20. Bxg4 Bxg4 21.
hxg4 Re7 22. b5 Rc7 23. b6 Rcc8 24. Rd7 Rab8 25. Ba3+ Kg8 26. Bd6 Ra8 27. Rxb7
Rd8 28. c5 Bf8 29. Rc7 Rac8 30. Rxc8 Rxc8 31. b7 Rd8 32. b8=Q Rxb8 33. Bxb8 Bxc5
34. Bxe5 Be7 35. Rd7 Kf8 36. Bd6 Bxd6 37. Rxd6 Ke7 38. Rxc6 Kd7 39. Rxa6 1-0

[Event "World Youth Girls U18 2014"]
[Site "Durban RSA"]
[Date "2014.09.22"]
[Round "4.1"]
[White "Styazhkina, Anna"]
[Black "Saduakassova, Dinara"]
[Result "0-1"]
[WhiteTitle "WIM"]
[BlackTitle "WGM"]
[WhiteElo "2203"]
[BlackElo "2409"]
[WhiteFideId "24119300"]
[BlackFideId "13700090"]
[EventDate "2014.09.20"]

1. e4 c5 2. Nf3 e6 3. d4 cxd4 4. Nxd4 a6 5. Bd3 Qc7 6. O-O Nf6 7. Re1 d6 8. c4
Nbd7 9. Nc3 Be7 10. Be3 Nc5 11. f3 Nxd3 12. Qxd3 O-O 13. Rac1 b6 14. a3 Nd7 15.
Qe2 Bb7 16. b4 Rac8 17. Na4 Qb8 18. Red1 Bd8 19. Nb3 Bc7 20. Kh1 Bc6 21. Nb2
Rfe8 22. Qf2 Ne5 23. Bf4 Ng6 24. Bg3 h5 25. Nd4 Bb7 26. Nd3 Bd8 27. c5 e5 28.
Nf5 dxc5 29. bxc5 bxc5 30. Rxc5 Bb6 31. Rxc8 Bxc8 32. Qd2 Rd8 33. Rb1 Be6 34.
Qc2 Qc7 35. Qxc7 Bxc7 36. Nc5 Ba2 37. Ra1 a5 38. h4 Rd2 39. Rc1 Bb6 40. Be1 Rb2
41. Na4 Rb3 42. Nxb6 Rxb6 43. Bxa5 Rb3 44. Bb4 Nf4 45. Bd6 Nd3 46. Rc8+ Kh7 47.
Rc7 Rb1+ 48. Kh2 Rb2 49. Kg3 Be6 50. Ne3 Re2 51. Nc2 f6 52. Rc3 Nf4 53. Ne3 Rd2
54. Rc6 Bd7 55. Rb6 Re2 56. Bc5 Nd3 57. Nd5 Nxc5 58. Rd6 Kg6 59. Nb6 Bb5 60. Rd5
Rc2 61. a4 Bf1 62. Kh2 Rxg2+ 63. Kh1 Rc2 64. Kg1 Be2 0-1

[Event "World Youth Girls U18 2014"]
[Site "Durban RSA"]
[Date "2014.09.22"]
[Round "4.2"]
[White "Nandhidhaa, PV"]
[Black "Osmanodja, Filiz"]
[Result "0-1"]
[BlackTitle "WIM"]
[WhiteElo "2144"]
[BlackElo "2310"]
[WhiteFideId "5050847"]
[BlackFideId "24633569"]
[EventDate "2014.09.20"]

1. e4 e5 2. Nf3 Nc6 3. Bb5 a6 4. Ba4 Nf6 5. d3 d6 6. c3 g6 7. Nbd2 Bg7 8. Nf1
O-O 9. Bg5 h6 10. Bxf6 Qxf6 11. Ne3 Qd8 12. Qe2 b5 13. Bb3 Bb7 14. Bd5 Qc8 15.
O-O Ne7 16. Bxb7 Qxb7 17. c4 c6 18. Rfd1 Rae8 19. Rac1 f5 20. Rc2 f4 21. Nf1 c5
22. cxb5 axb5 23. b4 cxb4 24. d4 d5 25. Nxe5 dxe4 26. Rc5 Kh7 27. Rxb5 Qa6 28.
Qc4 Qd6 29. Rb1 f3 30. Qxb4 Qe6 31. Ng3 fxg2 32. Nxe4 Qf5 33. Qe1 Qf4 34. Qe3
Qh4 35. Ng3 Bf6 36. Rb7 Bg7 37. R1b5 Nc6 38. Qd3 Nxe5 39. dxe5 Qf4 40. Qe2 Rd8
41. Rc7 Kh8 42. Rc4 Qg5 43. h4 Qe7 44. Kxg2 Rf7 45. Rc2 Qxh4 46. Qe4 Qg5 47.
Rbc5 Rf4 48. Qe3 Rdf8 49. e6 Rxf2+ 50. Qxf2 Rxf2+ 51. Kxf2 Bd4+ 52. Ke2 Bxc5 53.
Ne4 Qe3+ 0-1

[Event "World Youth Girls U18 2014"]
[Site "Durban RSA"]
[Date "2014.09.22"]
[Round "4.3"]
[White "Marikova, Jana"]
[Black "Rodionova, Polina"]
[Result "1/2-1/2"]
[BlackTitle "WFM"]
[WhiteElo "2188"]
[BlackElo "2090"]
[WhiteFideId "334138"]
[BlackFideId "24102555"]
[EventDate "2014.09.20"]

1. d4 Nf6 2. c4 g6 3. Nc3 Bg7 4. e4 d6 5. Nf3 O-O 6. Be2 e5 7. O-O Nc6 8. d5 Ne7
9. Ne1 Nd7 10. Be3 f5 11. f3 f4 12. Bf2 g5 13. Rc1 Ng6 14. c5 Nf6 15. cxd6 cxd6
16. Nb5 g4 17. Nc7 g3 18. hxg3 fxg3 19. Bxg3 Nh5 20. Bh2 Rb8 21. Ne6 Bxe6 22.
dxe6 Bh6 23. f4 Nhxf4 24. Bc4 Kh8 25. Rc3 b5 26. Be2 Qb6+ 27. Kh1 Nxe6 28. Nf3
Ngf4 29. Qc2 Rg8 30. g3 Nxe2 31. Qxe2 b4 32. Rd3 Qb5 33. Qd1 Rbd8 34. Re1 Qc6
35. Nh4 Nd4 36. Bg1 Qd7 37. Kh2 Qg7 38. Bxd4 exd4 39. Nf5 Qf6 40. Rxd4 d5 41.
Rxd5 Rxd5 42. Qxd5 Qxb2+ 43. Kh1 Qf2 44. Qd1 Qd2 45. Nxh6 Qxh6+ 46. Kg2 Qg5 47.
Qd4+ Rg7 48. Re3 h5 49. e5 h4 50. e6 Kg8 51. Qe4 Qxe3 52. Qxe3 Rxg3+ 53. Qxg3+
hxg3 54. Kxg3 a5 55. Kf4 a4 56. Ke5 Kf8 57. Kd4 b3 58. Kc3 1/2-1/2

[Event "World Youth Girls U18 2014"]
[Site "Durban RSA"]
[Date "2014.09.22"]
[Round "4.4"]
[White "Dragieva, Denitza"]
[Black "Ren, Xiaoyi"]
[Result "1-0"]
[WhiteTitle "WFM"]
[WhiteElo "2066"]
[BlackElo "2134"]
[WhiteFideId "2907232"]
[BlackFideId "8608709"]
[EventDate "2014.09.20"]

1. d4 Nf6 2. Nf3 d5 3. Bf4 g6 4. e3 Bg7 5. Be2 O-O 6. h3 c5 7. c3 Qb6 8. Qb3
Qxb3 9. axb3 cxd4 10. exd4 Bf5 11. O-O Nc6 12. Nbd2 h5 13. b4 a6 14. Nb3 Nd7 15.
Na5 Nd8 16. Bc7 Ne6 17. Bg3 Nd8 18. Nh4 Be4 19. f3 b6 20. fxe4 bxa5 21. exd5
axb4 22. Rxa6 Rc8 23. Bb5 Nb8 24. Rb6 bxc3 25. Rxb8 Bxd4+ 26. Kh2 Rxb8 27. Bxb8
cxb2 28. Nf3 Bg7 29. Be5 Nb7 30. Rb1 Nd6 31. Bxg7 Kxg7 32. Rxb2 Rb8 33. Nd4 f5
34. Rb3 Kf6 35. Bc6 Rxb3 36. Nxb3 g5 37. Nd2 h4 38. Ba4 Ke5 39. Nf3+ Kf4 40. Bb3
Ne4 41. Nd4 Nd2 42. Bc2 Nf1+ 43. Kg1 Ne3 44. Kf2 Nxd5 45. Ne6+ Ke5 46. Nxg5 Kf4
47. Nf3 e5 48. Nxh4 e4 49. g3+ Ke5 50. Bb3 Nf6 51. Bf7 Nd7 52. Ke3 Nb6 53. Bg8
Nc8 54. Bb3 Ne7 55. Ng2 Nc6 56. Nf4 Ne7 57. Ba4 Nc8 58. Ng6+ Kf6 59. Nh4 Nb6 60.
Be8 Kg5 61. Ng2 Nd5+ 62. Kd4 Nf6 63. Bf7 Nd7 64. Kd5 Kf6 65. Be8 Ne5 66. Ne3 Nf3
67. Bd7 Ng1 68. Bxf5 Ne2 69. g4 Nf4+ 70. Kxe4 Nxh3 71. Nd5+ Kg5 72. Kf3 Ng1+ 73.
Kf2 Nh3+ 74. Kg3 Ng1 75. Bd3 Kh6 76. Nf4 1-0

[Event "World Youth Girls U18 2014"]
[Site "Durban RSA"]
[Date "2014.09.22"]
[Round "4.5"]
[White "Parnali, S Dharia"]
[Black "Mukhit, Aisezym"]
[Result "1-0"]
[WhiteElo "1919"]
[BlackElo "2059"]
[WhiteFideId "5043131"]
[BlackFideId "13706349"]
[EventDate "2014.09.20"]

1. d4 d6 2. e4 Nf6 3. Nc3 e5 4. Nf3 Nbd7 5. Bc4 Be7 6. O-O O-O 7. dxe5 dxe5 8.
Qe2 c6 9. Bg5 h6 10. Bh4 Nh5 11. Bg3 Nxg3 12. hxg3 b5 13. Bb3 a5 14. a4 b4 15.
Nd1 Qc7 16. Bc4 Nc5 17. b3 Bd7 18. Nb2 Bg4 19. Qe3 Kh8 20. Nd3 Nd7 21. Kh2 Rae8
22. Rh1 f5 23. exf5 Rxf5 24. Kg1 Rh5 25. Nh2 Nf6 26. Nxg4 Rxh1+ 27. Kxh1 Nxg4
28. Qe4 Qd7 29. f3 Nf6 30. Nxe5 Nxe4 31. Nxd7 Nxg3+ 32. Kg1 Rd8 33. Ne5 Re8 34.
Re1 Nf5 35. Ng6+ Kh7 36. Ne5 Bc5+ 37. Kh2 Bf2 38. Bd3 Bxe1 39. Bxf5+ Kg8 40.
Nxc6 Bf2 41. Nxa5 Re5 42. Nc6 Rc5 43. Be6+ Kf8 44. Nxb4 Ke7 45. Bh3 h5 46. c4 h4
47. Bg4 Be1 48. Nd3 Bg3+ 49. Kh3 Rc6 50. Bf5 Kd6 51. Be4 Rc8 52. a5 Be5 53. Nxe5
Kxe5 54. a6 Rc7 55. Bb7 1-0

[Event "World Youth Girls U18 2014"]
[Site "Durban RSA"]
[Date "2014.09.22"]
[Round "4.6"]
[White "Dziodzio, Angelika"]
[Black "Rodriguez Rueda, Paula Andrea"]
[Result "0-1"]
[BlackTitle "WIM"]
[WhiteElo "1991"]
[BlackElo "2349"]
[WhiteFideId "1170643"]
[BlackFideId "4404564"]
[EventDate "2014.09.20"]

1. e4 c5 2. Nf3 e6 3. c4 Nc6 4. Nc3 Nd4 5. d3 Ne7 6. Nxd4 cxd4 7. Ne2 Nc6 8. a3
b5 9. b4 bxc4 10. dxc4 e5 11. Ng3 d6 12. Bd3 a5 13. Bd2 Be7 14. O-O O-O 15. Ne2
Bb7 16. f4 Qb6 17. Qb3 Nd8 18. Ng3 axb4 19. axb4 Rxa1 20. Rxa1 exf4 21. Bxf4 Ne6
22. Bd2 Bg5 23. Bxg5 Nxg5 24. h4 Ne6 25. Nf5 Kh8 26. g3 Qc7 27. Kh2 g6 28. Nh6
Kg7 29. Ng4 f5 30. exf5 gxf5 31. Nf2 f4 32. Rg1 fxg3+ 33. Rxg3+ Kh8 34. Qb2 Qe7
35. Rh3 Qf6 0-1

[Event "World Youth Girls U18 2014"]
[Site "Durban RSA"]
[Date "2014.09.22"]
[Round "4.8"]
[White "Grgic, Neomi"]
[Black "Velikic, Adela"]
[Result "0-1"]
[WhiteElo "1935"]
[BlackElo "2175"]
[WhiteFideId "14520842"]
[BlackFideId "913553"]
[EventDate "2014.09.20"]

1. e4 c5 2. Nf3 d6 3. d4 cxd4 4. Nxd4 Nf6 5. Nc3 Nc6 6. Bg5 e6 7. Qd2 a6 8.
O-O-O h6 9. Be3 Bd7 10. f3 b5 11. h4 Ne5 12. Bd3 b4 13. Nce2 d5 14. Bf4 Nc4 15.
Qe1 Rc8 16. Kb1 Qb6 17. e5 Ng8 18. g4 Bc5 19. Nb3 Bf2 20. Qf1 Be3 21. Bxe3 Qxe3
22. f4 Qb6 23. Qg1 Qxg1 24. Rhxg1 Ne7 25. Ned4 Nc6 26. Nxc6 Bxc6 27. Nd4 Bb7 28.
Rde1 Ke7 29. Kc1 Nb6 30. f5 Nd7 31. g5 hxg5 32. hxg5 Nc5 33. Kd1 Rh4 34. f6+ Kd7
35. Nb3 Nxb3 36. axb3 g6 37. Rh1 Rch8 38. Rxh4 Rxh4 39. Rf1 Ke8 40. Rg1 d4 41.
Rg3 a5 42. Bb5+ Kd8 43. Rd3 Bd5 44. Ba4 Rh5 45. Rxd4 Rxg5 46. c4 bxc3 47. bxc3
Kc7 48. c4 Bc6 49. Bxc6 Kxc6 50. Re4 Kc5 51. Kc2 Kb4 52. Re3 Rg2+ 53. Kc1 g5 54.
Rd3 g4 55. Rd7 g3 56. Rxf7 Kxb3 57. Rg7 Kxc4 58. f7 Rf2 59. Rxg3 Rxf7 60. Ra3
Kb4 61. Re3 Rf2 62. Re4+ Kc5 63. Kd1 Rb2 64. Ra4 Rb5 65. Re4 Kd5 66. Re3 Kd4 67.
Ke2 Rxe5 0-1

[Event "World Youth Girls U18 2014"]
[Site "Durban RSA"]
[Date "2014.09.22"]
[Round "4.9"]
[White "Xiao, Yiyi"]
[Black "Diederichs, Luise"]
[Result "1-0"]
[WhiteTitle "WFM"]
[WhiteElo "2168"]
[BlackElo "1992"]
[WhiteFideId "8606161"]
[BlackFideId "24661597"]
[EventDate "2014.09.20"]

1. d4 d5 2. c4 c6 3. Nc3 Nf6 4. e3 e6 5. Nf3 Nbd7 6. Qc2 Bd6 7. Be2 O-O 8. O-O
dxc4 9. Bxc4 b5 10. Be2 Bb7 11. Rd1 Qb8 12. e4 e5 13. dxe5 Nxe5 14. Nd4 b4 15.
Nf5 Bc7 16. Na4 Re8 17. Nc5 Bc8 18. g3 Ned7 19. Bg5 Nxc5 20. Qxc5 Bxf5 21. Qxf5
Re5 22. Qf4 Nxe4 23. Bd8 Re7 24. Bxc7 Qxc7 25. Qxc7 Rxc7 26. Rd4 Re7 27. Bf3 Ng5
28. Bxc6 Rb8 29. Rad1 g6 30. h4 Ne6 31. Rd7 Rxd7 32. Rxd7 Rc8 33. Bd5 Rc2 34.
Rxa7 Rxb2 35. Rb7 Rd2 36. Bc4 Rb2 37. Bb3 Kf8 38. Kg2 h5 39. Rxb4 Nc5 40. Kf3
Nxb3 41. axb3 Ke7 42. Rb6 Rc2 43. Ke3 Rb2 44. f3 Rc2 45. Ke4 Re2+ 46. Kf4 Rd2
47. Rb4 Kd6 48. Re4 Rd3 49. Re3 Rd5 50. Ke4 Ke6 51. Rd3 Rb5 52. Kd4 Rb7 53. Kc5
Rb8 54. b4 Rc8+ 55. Kb5 Rb8+ 56. Kc4 Rc8+ 57. Kb3 Rb8 58. Rd4 Ke5 59. Rf4 Ke6
60. Kc4 Rc8+ 61. Kb5 Rb8+ 62. Kc6 1-0